| 000 | 00918cam a2200289Ia 4500 | ||
|---|---|---|---|
| 001 | 53005 | ||
| 005 | 20230411090009.0 | ||
| 008 | 050915s2004 ko a b 000 0 eng d | ||
| 035 | _a(OCoLC)ocm61513860 | ||
| 040 |
_aUUM _cUUM _dEEM |
||
| 020 | _a8946033150 | ||
| 020 | _a9788946033153 | ||
| 035 | _a(OCoLC)61513860 | ||
| 090 |
_aPN4784.T4 _bB34 2004 |
||
| 049 | _aGRAL | ||
| 100 | 1 | _aBaek, Seon-gi. | |
| 245 | 1 | 0 |
_aTelevision news, images and semiotics : _bnarrative, semantic and ideological structures of TV news images / _cSeon-gi Baek. |
| 260 |
_aSeoul : _bHanul Academy Pub. Co., _cc2004. |
||
| 300 |
_a395 p. : _bill. (some col.) ; _c24 cm. |
||
| 490 | 1 |
_aHanul academy ; _v697 |
|
| 504 | _aIncludes bibliographical references (p. [384]-395). | ||
| 650 | 0 | _aTelevision broadcasting of news. | |
| 650 | 0 | _aSemiotics. | |
| 830 | 0 |
_aHanul ak°ademi ; _v697 |
|
| 942 |
_2lcc _cbk |
||
| 994 |
_aC0 _bDRFGD |
||
| 999 |
_c110622 _d110622 |
||